[Event "Titled Tuesday intern op 30th Jul Early"]
[Site "Chess.com INT"]
[Date "2024.07.30"]
[Round "3"]
[White "Marcziter, Dmitrii"]
[Black "Mendes, Aaron Reeve"]
[Result "0-1"]
[WhiteElo "2204"]
[BlackElo "2312"]
[PlyCount "156"]
[GameId "2075361425170432"]
[EventDate "2024.07.30"]
[EventType "swiss (blitz)"]
[EventRounds "11"]
[EventCountry "USA"]
[SourceTitle "EXT 2025"]
[Source "ChessBase"]
[SourceDate "2024.10.14"]
[SourceVersion "1"]
[SourceVersionDate "2024.10.14"]
[SourceQuality "1"]

1. e4 c5 2. Nf3 d6 3. d4 cxd4 4. Nxd4 Nf6 5. Nc3 a6 6. a4 e5 7. Nb3 Be6 8. Be2 Be7 9. Be3 O-O 10. O-O d5 11. exd5 Nxd5 12. Nxd5 Bxd5 13. a5 Nc6 14. c4 Be6 15. Qxd8 Rfxd8 16. Bb6 Rd7 17. Rad1 Kf8 18. Nc5 Bxc5 19. Bxc5+ Ke8 20. b4 Rad8 21. Rxd7 Rxd7 22. Rc1 f5 23. f3 Rd2 24. Bf1 Rb2 25. Re1 Kf7 26. b5 Nxa5 27. Rxe5 Rb1 28. Kf2 Bxc4 29. Bxc4+ Nxc4 30. Re7+ Kf6 31. Rxb7 axb5 32. Bd4+ Ke6 33. Rxg7 b4 34. Rxh7 b3 35. Rb7 b2 36. Rb5 Rd1 37. Bxb2 Rd2+ 38. Kg3 Nxb2 39. h4 Nd3 40. h5 Kf6 41. f4 Re2 42. Rb6+ Kg7 43. Kf3 Rc2 44. Ke3 Nf2 45. Rg6+ Kh7 46. Rg5 Ng4+ 47. Kd4 Nh6 48. Rg6 Rf2 49. g3 Ra2 50. Rc6 Ng4 51. Kd5 Ra5+ 52. Ke6 Kh6 53. Rc8 Kxh5 54. Rg8 Ra6+ 55. Ke7 Rg6 56. Rf8 Nh6 57. Ra8 Rxg3 58. Ke6 Rg6+ 59. Ke5 Kg4 60. Ra1 Nf7+ 61. Kd4 Rd6+ 62. Ke3 Re6+ 63. Kd4 Kxf4 64. Rf1+ Kg5 65. Rg1+ Kf6 66. Kd5 Rd6+ 67. Kc5 f4 68. Ra1 Kf5 69. Ra7 Rf6 70. Kd4 Ne5 71. Ra5 Rd6+ 72. Kc3 f3 73. Ra2 Ng4 74. Ra5+ Kf4 75. Ra4+ Kg3 76. Ra2 f2 77. Kc4 f1=Q+ 78. Kc5 Qd1 0-1

[Event "Titled Tuesday intern op 30th Jul Early"]
[Site "Chess.com INT"]
[Date "2024.07.30"]
[Round "5"]
[White "Ronka, Erik"]
[Black "Mendes, Aaron Reeve"]
[Result "0-1"]
[WhiteElo "2305"]
[BlackElo "2312"]
[PlyCount "70"]
[GameId "2075361426776064"]
[EventDate "2024.07.30"]
[EventType "swiss (blitz)"]
[EventRounds "11"]
[EventCountry "USA"]
[SourceTitle "EXT 2025"]
[Source "ChessBase"]
[SourceDate "2024.10.14"]
[SourceVersion "1"]
[SourceVersionDate "2024.10.14"]
[SourceQuality "1"]

1. Nf3 d5 2. g3 Nd7 3. d4 Nb6 4. Nbd2 Bf5 5. b3 e6 6. Bb2 Nf6 7. Bg2 c5 8. O-O Qc7 9. c4 dxc4 10. Rc1 cxb3 11. dxc5 Na4 12. Bxf6 gxf6 13. Qxb3 Nxc5 14. Qc3 Be7 15. Nd4 Bg6 16. f4 O-O 17. e4 Qd7 18. f5 Rfd8 19. N2b3 Nxb3 20. Nxb3 exf5 21. exf5 Bxf5 22. Qc7 Rac8 23. Qxd7 Bxd7 24. Bxb7 Rxc1 25. Rxc1 Be6 26. Be4 f5 27. Bf3 Bg5 28. Rc7 Be3+ 29. Kg2 a5 30. Nc5 Rd2+ 31. Kh3 Bg1 32. Bg2 Bd5 33. g4 Bxg2+ 34. Kg3 f4+ 35. Kxf4 Bxh2+ 0-1

[Event "Titled Tuesday intern op 30th Jul Early"]
[Site "Chess.com INT"]
[Date "2024.07.30"]
[Round "6"]
[White "Mendes, Aaron Reeve"]
[Black "Liu, Casper Yukun"]
[Result "1-0"]
[WhiteElo "2312"]
[BlackElo "2316"]
[PlyCount "45"]
[GameId "2075361427664896"]
[EventDate "2024.07.30"]
[EventType "swiss (blitz)"]
[EventRounds "11"]
[EventCountry "USA"]
[SourceTitle "EXT 2025"]
[Source "ChessBase"]
[SourceDate "2024.10.14"]
[SourceVersion "1"]
[SourceVersionDate "2024.10.14"]
[SourceQuality "1"]

1. e4 d5 2. exd5 Qxd5 3. Nc3 Qe6+ 4. Nge2 Nc6 5. d4 Qg6 6. Nf4 Qd6 7. d5 Ne5 8. Be3 a6 9. Qd4 Nf6 10. O-O-O g5 11. Nd3 Nxd3+ 12. Bxd3 h6 13. Ne4 Qd8 14. Nxf6+ exf6 15. Bd2 Bd6 16. Qe4+ Kf8 17. h4 Kg7 18. hxg5 hxg5 19. Rh7+ Rxh7 20. Qxh7+ Kf8 21. Qh8+ Ke7 22. Re1+ Be5 23. Bb4+ 1-0

[Event "Titled Tuesday intern op 30th Jul Early"]
[Site "Chess.com INT"]
[Date "2024.07.30"]
[Round "9"]
[White "Mendes, Aaron Reeve"]
[Black "Grinev, Valeriy"]
[Result "1/2-1/2"]
[WhiteElo "2312"]
[BlackElo "2422"]
[PlyCount "119"]
[GameId "2075361431113728"]
[EventDate "2024.07.30"]
[EventType "swiss (blitz)"]
[EventRounds "11"]
[EventCountry "USA"]
[SourceTitle "EXT 2025"]
[Source "ChessBase"]
[SourceDate "2024.10.14"]
[SourceVersion "1"]
[SourceVersionDate "2024.10.14"]
[SourceQuality "1"]

1. e4 c6 2. c4 d5 3. cxd5 cxd5 4. exd5 Nf6 5. Nc3 Nxd5 6. Bb5+ Nc6 7. Nf3 e6 8. Ne5 Bd7 9. Nxd7 Qxd7 10. O-O Be7 11. Qf3 O-O 12. Nxd5 Qxd5 13. Qxd5 exd5 14. Bxc6 bxc6 15. d4 c5 16. Be3 Rac8 17. Rac1 c4 18. Rc2 Rb8 19. Bd2 Bf6 20. Bc3 Rfe8 21. f3 Re3 22. Kf2 Rd3 23. Re1 Bxd4+ 24. Bxd4 Rxd4 25. Re7 Rd1 26. Rxa7 Rb1 27. Ke3 g6 28. b3 cxb3 29. axb3 R1xb3+ 30. Kd4 Rb2 31. Ra2 Rxa2 32. Rxa2 Rb5 33. Rd2 Kg7 34. Ke5 h5 35. h4 Rb4 36. g3 Rb3 37. Kf4 Rb4+ 38. Ke5 Rb3 39. Kf4 Rb5 40. Ke5 f6+ 41. Kd4 Rb3 42. Rf2 Rb5 43. Rc2 Kf7 44. Rc7+ Ke6 45. Rc6+ Kf5 46. Rd6 g5 47. Rxd5+ Rxd5+ 48. Kxd5 gxh4 49. gxh4 Kf4 50. Ke6 Kxf3 51. Kxf6 Kg4 52. Ke5 Kg3 53. Kf5 Kxh4 54. Kf4 Kh3 55. Kf3 h4 56. Kf2 Kh2 57. Kf1 h3 58. Kf2 Kh1 59. Kg3 h2 60. Kf2 1/2-1/2

[Event "Titled Tuesday intern op 30th Jul Early"]
[Site "Chess.com INT"]
[Date "2024.07.30"]
[Round "10"]
[White "Firman, Nazar"]
[Black "Mendes, Aaron Reeve"]
[Result "0-1"]
[WhiteElo "2472"]
[BlackElo "2312"]
[PlyCount "138"]
[GameId "2075361432514560"]
[EventDate "2024.07.30"]
[EventType "swiss (blitz)"]
[EventRounds "11"]
[EventCountry "USA"]
[SourceTitle "EXT 2025"]
[Source "ChessBase"]
[SourceDate "2024.10.14"]
[SourceVersion "1"]
[SourceVersionDate "2024.10.14"]
[SourceQuality "1"]

1. e4 c5 2. Nf3 d6 3. d4 cxd4 4. Nxd4 Nf6 5. Nc3 a6 6. h3 e5 7. Nb3 Be6 8. g4 d5 9. exd5 Nxd5 10. Bg2 Nxc3 11. Qxd8+ Kxd8 12. bxc3 Nc6 13. Be3 Kc7 14. O-O-O Ba3+ 15. Kb1 Rad8 16. f4 f6 17. f5 Bf7 18. Nc5 Bxc5 19. Bxc5 Na5 20. g5 Nc4 21. gxf6 gxf6 22. Be7 Rxd1+ 23. Rxd1 Rg8 24. Be4 Bh5 25. Re1 Nd2+ 26. Kc1 Nxe4 27. Rxe4 Rg1+ 28. Kb2 Rf1 29. Bxf6 Rxf5 30. Bxe5+ Kc6 31. Bd4 Bg6 32. Re6+ Kd7 33. Re2 Rb5+ 34. Kc1 Ra5 35. Kb2 Bf7 36. a3 Rb5+ 37. Kc1 Rh5 38. Re3 Be6 39. Rg3 Bxh3 40. Rg7+ Kc6 41. c4 Be6 42. c5 Bd5 43. Kb2 Rh4 44. Kc3 Kb5 45. Rg3 h5 46. Re3 Rh2 47. Re5 Bc6 48. Kb3 Rh3+ 49. Re3 Bd5+ 50. Kc3 Rh1 51. Re5 Kc6 52. Rg5 h4 53. Rg6+ Kc7 54. Be5+ Kc8 55. Rd6 Bc6 56. Rh6 h3 57. Rh7 Kd8 58. Bd6 Bg2 59. Kb4 Rb1+ 60. Kc3 Rc1 61. Rh8+ Kd7 62. Rh7+ Kc6 63. Rc7+ Kb5 64. Kb3 Bd5+ 65. Kb2 Re1 66. Rh7 Re3 67. Rh4 a5 68. Rh7 Be4 69. Rh4 a4 0-1

[Event "Titled Tuesday intern op 30th Jul Late"]
[Site "Chess.com INT"]
[Date "2024.07.30"]
[Round "9"]
[White "Ezat, Mohamed Mahmoud"]
[Black "Mendes, Aaron Reeve"]
[Result "1/2-1/2"]
[WhiteElo "2323"]
[BlackElo "2312"]
[PlyCount "93"]
[GameId "2075361441542144"]
[EventDate "2024.07.30"]
[EventType "swiss (blitz)"]
[EventRounds "11"]
[EventCountry "USA"]
[SourceTitle "EXT 2025"]
[Source "ChessBase"]
[SourceDate "2024.10.14"]
[SourceVersion "1"]
[SourceVersionDate "2024.10.14"]
[SourceQuality "1"]

1. e4 c5 2. d4 cxd4 3. c3 dxc3 4. Nxc3 Nc6 5. Bc4 d6 6. Nf3 g6 7. O-O Bg7 8. h3 Nf6 9. Bg5 O-O 10. Qd2 a6 11. Rad1 b5 12. Bd5 Bb7 13. Rfe1 Qc7 14. Bh6 Rac8 15. Bxg7 Kxg7 16. Qg5 e6 17. Bb3 Ne5 18. Nxe5 dxe5 19. Qe3 Rfd8 20. Qg3 b4 21. Na4 Nxe4 22. Qh4 Nf6 23. Rxd8 Rxd8 24. Qxb4 Bd5 25. Qc5 Qb8 26. Qc3 Bxb3 27. axb3 Rd5 28. Nc5 Qb5 29. b4 a5 30. Rxe5 axb4 31. Qe3 Rd1+ 32. Kh2 Qf1 33. Ne4 h5 34. Nxf6 h4 35. Nh5+ Kh7 36. Nf6+ Kg7 37. Nh5+ gxh5 38. Rg5+ Kf6 39. Qf4+ Ke7 40. Qc7+ Kf6 41. Qf4+ Ke7 42. Qc7+ Rd7 43. Qc5+ Rd6 44. Qc7+ Rd7 45. Qc5+ Kf6 46. Qe5+ Ke7 47. Qc5+ 1/2-1/2

[Event "Titled Tuesday intern op 30th Jul Late"]
[Site "Chess.com INT"]
[Date "2024.07.30"]
[Round "11"]
[White "Ai, Evan Zihao"]
[Black "Mendes, Aaron Reeve"]
[Result "1/2-1/2"]
[WhiteElo "2150"]
[BlackElo "2312"]
[PlyCount "102"]
[GameId "2075361442582528"]
[EventDate "2024.07.30"]
[EventType "swiss (blitz)"]
[EventRounds "11"]
[EventCountry "USA"]
[SourceTitle "EXT 2025"]
[Source "ChessBase"]
[SourceDate "2024.10.14"]
[SourceVersion "1"]
[SourceVersionDate "2024.10.14"]
[SourceQuality "1"]

1. Nf3 d5 2. b3 a5 3. Bb2 a4 4. bxa4 Bd7 5. e3 Bxa4 6. Nc3 Bc6 7. a4 e6 8. Bb5 Nf6 9. O-O Bxb5 10. axb5 Rxa1 11. Qxa1 Bd6 12. Qa8 Qc8 13. Ra1 O-O 14. Ra7 b6 15. Ne2 Nbd7 16. Qxc8 Rxc8 17. Ned4 Nb8 18. Ra8 Nfd7 19. Nc6 Rf8 20. Na7 Nc5 21. Ne5 f6 22. Nec6 Nxc6 23. Rxf8+ Kxf8 24. Nxc6 Ke8 25. Kf1 Nb7 26. Ke2 Nd8 27. Nxd8 Kxd8 28. d3 Kd7 29. c4 dxc4 30. dxc4 c6 31. h4 cxb5 32. cxb5 e5 33. Kd3 Ke6 34. g4 g6 35. f3 f5 36. Kc4 Be7 37. h5 Bc5 38. e4 f4 39. hxg6 hxg6 40. Bc3 g5 41. Be1 Kd6 42. Bc3 Ke6 43. Bb4 Bxb4 44. Kxb4 Kd6 45. Kc4 Ke6 46. Kb4 Ke7 47. Kc4 Kd6 48. Kb4 Ke6 49. Kc4 Kd6 50. Kb4 Ke6 51. Kc4 Kd6 1/2-1/2

[Event "Titled Tuesday intern op 06th Aug Early"]
[Site "Chess.com INT"]
[Date "2024.08.06"]
[Round "1"]
[White "Colijn, Stefan"]
[Black "Mendes, Aaron Reeve"]
[Result "0-1"]
[WhiteElo "2299"]
[BlackElo "2314"]
[PlyCount "90"]
[GameId "2107989757478746"]
[EventDate "2024.08.06"]
[EventType "swiss (blitz)"]
[EventRounds "11"]
[EventCountry "USA"]
[SourceTitle "EXT 2025"]
[Source "ChessBase"]
[SourceDate "2024.10.14"]
[SourceVersion "1"]
[SourceVersionDate "2024.10.14"]
[SourceQuality "1"]

1. d4 d5 2. Nf3 Nf6 3. Bf4 c5 4. e3 e6 5. c3 Qb6 6. Qc2 Nc6 7. h3 Bd7 8. Nbd2 h6 9. Be2 g5 10. Bg3 Bg7 11. Ne5 Rc8 12. Qb3 c4 13. Qc2 h5 14. h4 g4 15. Bf4 Nxe5 16. Bxe5 O-O 17. f3 Ne8 18. Bxg7 Nxg7 19. fxg4 e5 20. gxh5 Bf5 21. Qc1 exd4 22. exd4 Rfe8 23. Kf2 Qf6 24. Nf3 Nxh5 25. Qg5+ Qxg5 26. hxg5 Nf4 27. Rae1 Bd3 28. Bd1 Be4 29. Kg3 Nd3 30. Re2 Re6 31. Nd2 Rce8 32. Nxe4 dxe4 33. b3 Rg6 34. bxc4 Rxg5+ 35. Kh2 f5 36. Bc2 Nf4 37. Rf2 Nh5 38. Rhf1 Ng3 39. Re1 Kg7 40. Rf4 Rh8+ 41. Kg1 Rh1+ 42. Kf2 Rh2 43. Re3 Nh5 44. Kg1 Rgxg2+ 45. Kf1 Nxf4 0-1

[Event "Titled Tuesday intern op 06th Aug Early"]
[Site "Chess.com INT"]
[Date "2024.08.06"]
[Round "2"]
[White "Paravyan, David"]
[Black "Mendes, Aaron Reeve"]
[Result "1-0"]
[WhiteElo "2600"]
[BlackElo "2314"]
[PlyCount "83"]
[GameId "2107989757499665"]
[EventDate "2024.08.06"]
[EventType "swiss (blitz)"]
[EventRounds "11"]
[EventCountry "USA"]
[SourceTitle "EXT 2025"]
[Source "ChessBase"]
[SourceDate "2024.10.14"]
[SourceVersion "1"]
[SourceVersionDate "2024.10.14"]
[SourceQuality "1"]

1. e4 c5 2. Nf3 d6 3. d4 cxd4 4. Nxd4 Nf6 5. Nc3 a6 6. f3 e5 7. Nb3 Be6 8. Be3 Be7 9. Qd2 d5 10. exd5 Nxd5 11. Nxd5 Qxd5 12. Qxd5 Bxd5 13. O-O-O Be6 14. Na5 b5 15. Bd3 f5 16. Rhe1 Bd8 17. Bd2 Bc7 18. Bc3 Kf7 19. a4 Rc8 20. Kb1 g6 21. Re2 Bxa5 22. Bxa5 Nc6 23. Bc3 b4 24. Bxe5 b3 25. Bc3 Rd8 26. Rde1 bxc2+ 27. Bxc2 Bc4 28. Re3 Rab8 29. g4 Rd5 30. gxf5 gxf5 31. f4 Rb7 32. Rh3 Kf8 33. Rh5 Rf7 34. Kc1 Rc5 35. b4 Rd5 36. Rd1 Rxd1+ 37. Kxd1 Be6 38. b5 axb5 39. axb5 Na7 40. b6 Nc8 41. Rh6 Bd5 42. Be5 1-0

[Event "Titled Tuesday intern op 06th Aug Early"]
[Site "Chess.com INT"]
[Date "2024.08.06"]
[Round "4"]
[White "Torres, Yelfry"]
[Black "Mendes, Aaron Reeve"]
[Result "1-0"]
[WhiteElo "2016"]
[BlackElo "2314"]
[PlyCount "59"]
[GameId "2107989757529036"]
[EventDate "2024.08.06"]
[EventType "swiss (blitz)"]
[EventRounds "11"]
[EventCountry "USA"]
[SourceTitle "EXT 2025"]
[Source "ChessBase"]
[SourceDate "2024.10.14"]
[SourceVersion "1"]
[SourceVersionDate "2024.10.14"]
[SourceQuality "1"]

1. c4 c6 2. Nf3 d5 3. b3 Nf6 4. Bb2 Nbd7 5. g3 Qc7 6. d4 dxc4 7. bxc4 e5 8. e3 Bb4+ 9. Nbd2 exd4 10. exd4 O-O 11. Be2 c5 12. d5 b5 13. O-O bxc4 14. Nxc4 Nb6 15. d6 Qd8 16. Nfe5 Bh3 17. Bf3 Nxc4 18. Nxc4 Rb8 19. Bg2 Bxg2 20. Kxg2 Ba5 21. Bxf6 gxf6 22. Qg4+ Kh8 23. Qf5 Bc3 24. Rad1 Bd4 25. Rxd4 cxd4 26. Rd1 Rb4 27. Rxd4 Qa8+ 28. Kh3 Qc8 29. d7 Qd8 30. Rh4 1-0

[Event "Titled Tuesday intern op 06th Aug Early"]
[Site "Chess.com INT"]
[Date "2024.08.06"]
[Round "5"]
[White "Mendes, Aaron Reeve"]
[Black "Morozov, Egor"]
[Result "1/2-1/2"]
[WhiteElo "2314"]
[BlackElo "2291"]
[PlyCount "158"]
[GameId "2107989757533307"]
[EventDate "2024.08.06"]
[EventType "swiss (blitz)"]
[EventRounds "11"]
[EventCountry "USA"]
[SourceTitle "EXT 2025"]
[Source "ChessBase"]
[SourceDate "2024.10.14"]
[SourceVersion "1"]
[SourceVersionDate "2024.10.14"]
[SourceQuality "1"]

1. e4 c5 2. Nf3 d6 3. Bb5+ Bd7 4. Bxd7+ Qxd7 5. O-O Nc6 6. c3 Nf6 7. Re1 e6 8. d4 cxd4 9. cxd4 d5 10. e5 Ne4 11. Nbd2 Nxd2 12. Bxd2 Be7 13. a3 O-O 14. Rc1 Rfc8 15. Rc3 Qd8 16. Rd3 Na5 17. g3 Rc6 18. Bc3 b5 19. h4 Rb8 20. Kg2 h6 21. Nh2 b4 22. axb4 Bxb4 23. Ng4 Nc4 24. Qa4 Rcb6 25. Qxa7 Ra8 26. Qxa8 Qxa8 27. b3 Nb2 28. Rde3 Qa5 29. Bxb4 Qxb4 30. Rc1 Qd2 31. Rc8+ Kh7 32. Rf3 Rb7 33. Rf6 h5 34. Rh6+ Qxh6 35. Nxh6 Kxh6 36. Rc3 Rb4 37. Kf3 Rxd4 38. Ke3 Re4+ 39. Kd2 Rxe5 40. Rc2 Rf5 41. f4 Nc4+ 42. bxc4 dxc4 43. Rxc4 Ra5 44. Ke3 Ra3+ 45. Kf2 Kg6 46. Rc5 f6 47. Kg2 Rb3 48. Kh3 Re3 49. Rc6 e5 50. fxe5 Rxe5 51. Kg2 Kf5 52. Kf3 g6 53. Rc4 Ra5 54. Rf4+ Ke5 55. Re4+ Kd5 56. Re8 Ra3+ 57. Kg2 Kd6 58. Rg8 g5 59. hxg5 fxg5 60. Rxg5 Ke6 61. Rxh5 Kf6 62. Rb5 Ra6 63. Kh3 Kg7 64. Kh4 Rc6 65. g4 Ra6 66. Kg5 Rc6 67. Rb7+ Kg8 68. Kh5 Ra6 69. g5 Rc6 70. Re7 Ra6 71. Re8+ Kg7 72. Re7+ Kg8 73. Rb7 Rc6 74. g6 Rc1 75. Kg5 Rg1+ 76. Kf6 Rf1+ 77. Kg5 Rg1+ 78. Kh6 Rh1+ 79. Kg5 Rg1+ 1/2-1/2

[Event "Titled Tuesday intern op 06th Aug Early"]
[Site "Chess.com INT"]
[Date "2024.08.06"]
[Round "7"]
[White "Korol, Dimitry"]
[Black "Mendes, Aaron Reeve"]
[Result "1/2-1/2"]
[WhiteElo "2287"]
[BlackElo "2314"]
[PlyCount "191"]
[GameId "2107989757554303"]
[EventDate "2024.08.06"]
[EventType "swiss (blitz)"]
[EventRounds "11"]
[EventCountry "USA"]
[SourceTitle "EXT 2025"]
[Source "ChessBase"]
[SourceDate "2024.10.14"]
[SourceVersion "1"]
[SourceVersionDate "2024.10.14"]
[SourceQuality "1"]

1. d4 e5 2. dxe5 Qe7 3. Nf3 Nc6 4. Nc3 Nxe5 5. Nd5 Nxf3+ 6. gxf3 Qd8 7. Bf4 d6 8. e4 c6 9. Nc3 Nf6 10. Qd2 Be7 11. O-O-O Be6 12. Bxd6 Qxd6 13. Qxd6 Bxd6 14. Rxd6 Nh5 15. Rd2 Ke7 16. Bd3 Rad8 17. Ne2 g5 18. h4 h6 19. b3 Kf6 20. c3 Rd7 21. Bc2 Rxd2 22. Kxd2 Rd8+ 23. Ke3 Nf4 24. hxg5+ hxg5 25. Nxf4 gxf4+ 26. Kxf4 Rd2 27. Rc1 Rxf2 28. Ke3 Rh2 29. a4 c5 30. b4 b6 31. Bd3 Ra2 32. bxc5 bxc5 33. Bb5 Ra3 34. f4 Bb3 35. e5+ Ke7 36. Ke4 Bxa4 37. Bxa4 Rxa4+ 38. Kd5 Rxf4 39. Kxc5 Ke6 40. Ra1 Kxe5 41. Rxa7 Ke4 42. c4 Kd3 43. Kd5 Rd4+ 44. Ke5 Re4+ 45. Kf5 Rxc4 46. Rxf7 Ke3 47. Kf6 Kf4 48. Re7 Rc6+ 49. Re6 Rc8 50. Ra6 Rf8+ 51. Ke6 Rb8 52. Ra4+ Ke3 53. Ke5 Rb5+ 54. Ke6 Kd3 55. Kf6 Rc5 56. Ke6 Kc3 57. Kd6 Rg5 58. Ke6 Kb3 59. Rf4 Kc3 60. Kd6 Rg6+ 61. Kd5 Rg8 62. Kd6 Rd8+ 63. Kc6 Rd1 64. Kc5 Kb3 65. Rf3+ Ka4 66. Rf4+ Ka5 67. Rf3 Rc1+ 68. Kd5 Ka4 69. Ke4 Kb4 70. Rd3 Kc5 71. Rd5+ Kc6 72. Rd4 Re1+ 73. Kd3 Kc5 74. Rc4+ Kd5 75. Rd4+ Ke5 76. Rc4 Rd1+ 77. Kc3 Rd8 78. Rh4 Kf5 79. Ra4 Rc8+ 80. Kd3 Rh8 81. Ke3 Rh3+ 82. Ke2 Rb3 83. Kf2 Ke5 84. Ke2 Kd5 85. Kd2 Kc5 86. Kc2 Rg3 87. Rf4 Kb5 88. Kd2 Kc5 89. Ke2 Rb3 90. Kd2 Kd5 91. Kc2 Rb8 92. Rh4 Ke5 93. Kd2 Rd8+ 94. Ke2 Kf5 95. Ra4 Re8+ 96. Kf2 1/2-1/2

[Event "Titled Tuesday intern op 06th Aug Early"]
[Site "Chess.com INT"]
[Date "2024.08.06"]
[Round "9"]
[White "Bambino Filho, Antonio Carlos"]
[Black "Mendes, Aaron Reeve"]
[Result "0-1"]
[WhiteElo "2168"]
[BlackElo "2314"]
[PlyCount "92"]
[GameId "2107989757567002"]
[EventDate "2024.08.06"]
[EventType "swiss (blitz)"]
[EventRounds "11"]
[EventCountry "USA"]
[SourceTitle "EXT 2025"]
[Source "ChessBase"]
[SourceDate "2024.10.14"]
[SourceVersion "1"]
[SourceVersionDate "2024.10.14"]
[SourceQuality "1"]

1. d4 c5 2. d5 e6 3. c4 exd5 4. cxd5 d6 5. Nc3 Nf6 6. Nf3 a6 7. a4 Qe7 8. g3 Nbd7 9. Bg2 g6 10. O-O Bg7 11. Qc2 O-O 12. e4 b6 13. Re1 Bb7 14. h3 Ne5 15. Nxe5 dxe5 16. Nd1 Ne8 17. Ne3 Nd6 18. a5 Qc7 19. axb6 Qxb6 20. Nc4 Nxc4 21. Qxc4 Qb5 22. Qc3 f5 23. Be3 c4 24. Ra5 Qd7 25. Qxc4 f4 26. Bc5 Rac8 27. Qb4 Rf7 28. Qb6 Bf6 29. gxf4 Bd8 30. Qb4 Bxa5 31. Qxa5 exf4 32. Bd4 f3 33. Bf1 Qe7 34. Qd2 Rcf8 35. Bc3 h6 36. Qd4 Qg5+ 37. Kh1 Kh7 38. Bd2 Qh5 39. Bc3 Bc8 40. Kh2 Qh4 41. e5 Rf4 42. Qa7+ R8f7 43. Qe3 Bxh3 44. Bxh3 Rg4 45. Rg1 Rxg1 46. e6 Rg2+ 0-1

[Event "Titled Tuesday intern op 06th Aug Late"]
[Site "Chess.com INT"]
[Date "2024.08.06"]
[Round "1"]
[White "Mendes, Aaron Reeve"]
[Black "Brancaleoni, Maurizio"]
[Result "0-1"]
[WhiteElo "2314"]
[BlackElo "2180"]
[PlyCount "142"]
[GameId "2107989757600521"]
[EventDate "2024.08.06"]
[EventType "swiss (blitz)"]
[EventRounds "11"]
[EventCountry "USA"]
[SourceTitle "EXT 2025"]
[Source "ChessBase"]
[SourceDate "2024.10.14"]
[SourceVersion "1"]
[SourceVersionDate "2024.10.14"]
[SourceQuality "1"]

1. e4 e5 2. Nf3 Nf6 3. d4 Nxe4 4. dxe5 d5 5. exd6 Bxd6 6. Bd3 Nc5 7. O-O Nxd3 8. Qxd3 O-O 9. Nc3 Nc6 10. Bg5 Qd7 11. Rad1 Qf5 12. h3 Qxd3 13. cxd3 Be6 14. d4 Bc4 15. Rfe1 Rfe8 16. b3 Ba6 17. Re3 f6 18. Bh4 g5 19. Rxe8+ Rxe8 20. Bg3 Bxg3 21. fxg3 Kf7 22. Nd5 Be2 23. Rd2 Bxf3 24. gxf3 Rd8 25. Nxc7 Rxd4 26. Rxd4 Nxd4 27. Kf2 Ke7 28. Nd5+ Ke6 29. Ne3 Ke5 30. Nc4+ Kd5 31. Ke3 Nf5+ 32. Kf2 b6 33. g4 Nd6 34. Ne3+ Kd4 35. a4 Kd3 36. Nd5 f5 37. Nf6 h6 38. Ng8 fxg4 39. hxg4 Nf7 40. Ne7 Kc3 41. Nc6 a5 42. Ne7 Kxb3 43. Nd5 Kxa4 44. Nxb6+ Kb3 45. Ke3 a4 46. Kd3 a3 47. Nc4 a2 48. Na5+ Ka4 49. Nc4 a1=Q 50. Ke4 Qe1+ 51. Kf5 Qc3 52. Nb6+ Kb5 53. Nd7 Qg7 54. Nf6 Nd6+ 55. Ke6 Nc4 56. Kf5 Ne3+ 57. Ke6 Kc5 58. Nd7+ Kd4 59. Nf6 Qg6 60. Ke7 Qg7+ 61. Ke6 Nd5 62. Nd7 Qe7+ 63. Kf5 Qxd7+ 64. Kg6 Qd6+ 65. Kh5 Ke5 66. f4+ Kd4 67. fxg5 Qe6 68. gxh6 Nf4+ 69. Kg5 Qe5+ 70. Kh4 Qf6+ 71. g5 Qf5 0-1

[Event "Titled Tuesday intern op 06th Aug Late"]
[Site "Chess.com INT"]
[Date "2024.08.06"]
[Round "4"]
[White "Osmonbekov, Talaibek D"]
[Black "Mendes, Aaron Reeve"]
[Result "0-1"]
[WhiteElo "2109"]
[BlackElo "2314"]
[PlyCount "58"]
[GameId "2107989757629898"]
[EventDate "2024.08.06"]
[EventType "swiss (blitz)"]
[EventRounds "11"]
[EventCountry "USA"]
[SourceTitle "EXT 2025"]
[Source "ChessBase"]
[SourceDate "2024.10.14"]
[SourceVersion "1"]
[SourceVersionDate "2024.10.14"]
[SourceQuality "1"]

1. d4 Nf6 2. Nc3 d5 3. Bf4 c5 4. e3 a6 5. Nf3 b5 6. dxc5 b4 7. Na4 Nc6 8. Nb6 Ra7 9. Nd4 Bb7 10. c3 bxc3 11. bxc3 Ne4 12. Na4 e6 13. Bd3 Nxc5 14. Nxc5 Bxc5 15. O-O O-O 16. Qh5 g6 17. Qh6 Re8 18. Rab1 Bf8 19. Qh3 Qc8 20. Bg5 Bg7 21. f4 Ba8 22. Rb6 Nxd4 23. cxd4 Qc3 24. Bxa6 Qa5 25. Rfb1 Rxa6 26. Rb8 Bc6 27. Bh6 Ra8 28. Rxe8+ Bxe8 29. Bxg7 Rb8 0-1

[Event "Titled Tuesday intern op 06th Aug Late"]
[Site "Chess.com INT"]
[Date "2024.08.06"]
[Round "5"]
[White "Mendes, Aaron Reeve"]
[Black "Kravtsiv, Martyn"]
[Result "1-0"]
[WhiteElo "2314"]
[BlackElo "2598"]
[PlyCount "73"]
[GameId "2107989757642392"]
[EventDate "2024.08.06"]
[EventType "swiss (blitz)"]
[EventRounds "11"]
[EventCountry "USA"]
[SourceTitle "EXT 2025"]
[Source "ChessBase"]
[SourceDate "2024.10.14"]
[SourceVersion "1"]
[SourceVersionDate "2024.10.14"]
[SourceQuality "1"]

1. Nf3 c5 2. e4 Nc6 3. Bb5 g6 4. Bxc6 dxc6 5. h3 Bg7 6. O-O e5 7. c3 Ne7 8. Re1 O-O 9. d3 Qd6 10. Be3 Rd8 11. Nbd2 b6 12. Nc4 Qc7 13. Qc2 h6 14. a4 g5 15. a5 b5 16. Ncd2 Ng6 17. Bxc5 Nf4 18. Be3 Nxd3 19. Red1 Be6 20. Nb3 Bf6 21. Rxd3 Rxd3 22. Qxd3 Bxb3 23. Nh2 Rd8 24. Qe2 Bg7 25. h4 gxh4 26. Qh5 Rd6 27. Qxh4 Rg6 28. Ng4 Kh7 29. Bc5 Qd7 30. Ne3 Bf6 31. Qh5 Qd3 32. Qf5 Be6 33. Qf3 a6 34. Rd1 Bg4 35. Qxg4 Rxg4 36. Rxd3 Rxe4 37. Rd6 1-0

[Event "Titled Tuesday intern op 06th Aug Late"]
[Site "Chess.com INT"]
[Date "2024.08.06"]
[Round "6"]
[White "Kamsky, Gata"]
[Black "Mendes, Aaron Reeve"]
[Result "1-0"]
[WhiteElo "2609"]
[BlackElo "2314"]
[PlyCount "45"]
[GameId "2107989757646659"]
[EventDate "2024.08.06"]
[EventType "swiss (blitz)"]
[EventRounds "11"]
[EventCountry "USA"]
[SourceTitle "EXT 2025"]
[Source "ChessBase"]
[SourceDate "2024.10.14"]
[SourceVersion "1"]
[SourceVersionDate "2024.10.14"]
[SourceQuality "1"]

1. e4 c5 2. Nf3 d6 3. d4 cxd4 4. Nxd4 Nf6 5. Nc3 a6 6. a4 e5 7. Nf3 Be6 8. Ng5 Bd7 9. Bc4 Qe7 10. Bxf7+ Kd8 11. Bb3 Ke8 12. O-O Nc6 13. Be3 h6 14. Nf7 Rh7 15. f4 exf4 16. Bxf4 Ne5 17. Nxe5 dxe5 18. Be3 Bc6 19. Qf3 Rd8 20. Qf5 Rh8 21. Rad1 Rd7 22. Bb6 Rd4 23. Qc8+ 1-0